UBT Library

Large-leaved perennials / (Record no. 40993)

000 -LEADER
fixed length control field 00637nam a2200217 a 4500
001 - CONTROL NUMBER
control field 2514211
005 - DATE AND TIME OF LATEST TRANSACTION
control field 20180126073300.0
008 - FIXED-LENGTH DATA ELEMENTS--GENERAL INFORMATION
fixed length control field 920728s1992 enka 001 0 eng
010 ## - LIBRARY OF CONGRESS CONTROL NUMBER
LC control number 92192071
020 ## - INTERNATIONAL STANDARD BOOK NUMBER
International Standard Book Number 0706370589 :
Terms of availability $24.95
040 ## - CATALOGING SOURCE
Original cataloging agency DLC
Transcribing agency DLC
041 ## - LANGUAGE CODE
Language code of text/sound track or separate title eng
080 ## - UNIVERSAL DECIMAL CLASSIFICATION NUMBER
Universal Decimal Classification number 932 myl635.
082 00 - DEWEY DECIMAL CLASSIFICATION NUMBER
Classification number 932 myl635.
Edition number 20
100 1# - Rafti
Rafti 9
101 ## - Shkurtesa
Shkurtesa mje
245 10 - TITLE STATEMENT
Title Large-leaved perennials /
Statement of responsibility, etc Myles Challis.
906 ## - LOCAL DATA ELEMENT F, LDF (RLIN)
a 7
b cbc
c orignew
d 2
e ncip
f 19
g y-gencatlg
942 ## - ADDED ENTRY ELEMENTS (KOHA)
Source of classification or shelving scheme
Item type Books
Holdings
Withdrawn status Lost status Source of classification or shelving scheme Damaged status Not for loan Collection code Permanent location Current location Shelving location Date acquired Total Checkouts Full call number Barcode Date last seen Price effective from Koha item type
          Koleksioni i përgjithshem UBT - Lipjan UBT - Lipjan Koleksioni i përgjithshem 01/26/2018   932 myl635. 002-2996520 01/26/2018 01/26/2018 Books
UBT Library © 2015-2024. All rights reserved University Education for Business and Technology